[Event "FIDE World Bl Team Pool A"]
[Site "London ENG"]
[Date "2025.06.14"]
[Round "1.1"]
[White "Hong, Andrew"]
[Black "Chinguun, Sumiya"]
[Result "1-0"]
[WhiteTitle "GM"]
[BlackTitle "FM"]
[WhiteElo "2589"]
[BlackElo "2415"]
[WhiteTeam "FIDE MB Team"]
[BlackTeam "The MongolZ"]
[WhiteFideId "2099438"]
[BlackFideId "4902572"]
[EventDate "2025.06.14"]
[EventType "team"]

1. d4 Nf6 2. Nf3 e6 3. Bf4 d5 4. e3 c5 5. Nbd2 Nc6 6. c3 Bd6 7. Bg3 O-O 8. Bd3
b6 9. Ne5 Bb7 10. f4 Nd7 11. O-O f5 12. Qe1 Nf6 13. Bh4 Qe8 14. Kh1 Qh5 15. Be2
Qe8 16. Qg3 Ne7 17. a4 Ng6 18. Bb5 Qe7 19. Nxg6 hxg6 20. Qxg6 c4 21. a5 a6 22.
Ba4 bxa5 23. Rf3 Qf7 24. Qg3 Ne4 25. Nxe4 dxe4 26. Rff1 Bd5 27. Bd1 Bc7 28. Bg5
Rab8 29. Rf2 Bc6 30. Qh4 Be8 31. g4 Qg6 32. gxf5 exf5 33. Be2 Bf7 34. Rg1 Qh7
35. Bh6 g6 36. Qg5 Bd8 37. Qh5 Kh8 38. Qh3 Rg8 39. Bf1 a4 40. Rg3 Be7 41. Bg5
Bxg5 42. fxg5 Qxh3 43. Rxh3+ Kg7 44. Rg3 Bd5 45. Rgg2 Rb3 46. Kg1 a3 47. bxa3
Rgb8 48. Rc2 Rxa3 49. Kf2 Rbb3 50. Kg3 Rxc3 51. Rxc3 Rxc3 52. Kf4 Rb3 53. Ke5
Bf7 54. d5 c3 55. Rc2 a5 56. d6 Kf8 57. Kf6 Rb6 58. Ke5 Rc6 59. d7 Ke7 60. Kd4
Kxd7 61. Bb5 Kd6 62. Bxc6 Kxc6 63. Rxc3+ Kd6 64. Ra3 Be8 65. Rxa5 Bc6 66. Ra6
Kd7 67. Ke5 Kc7 68. Ra7+ Bb7 69. Ra2 Bc6 70. Rf2 Be8 71. Ra2 Kb6 1-0

[Event "FIDE World Bl Team Pool A"]
[Site "London ENG"]
[Date "2025.06.14"]
[Round "1.2"]
[White "Reimanis, Ritvars"]
[Black "Short, Nigel D"]
[Result "1-0"]
[WhiteTitle "IM"]
[BlackTitle "GM"]
[WhiteElo "2355"]
[BlackElo "2587"]
[WhiteTeam "The MongolZ"]
[BlackTeam "FIDE MB Team"]
[WhiteFideId "11602988"]
[BlackFideId "400025"]
[EventDate "2025.06.14"]
[EventType "team"]

1. d4 Nf6 2. Nf3 d5 3. c4 e6 4. Nc3 Be7 5. cxd5 exd5 6. Bg5 c6 7. e3 Bf5 8. Bd3
Bxd3 9. Qxd3 Nbd7 10. O-O O-O 11. Rab1 a5 12. Rbe1 Re8 13. Bf4 b5 14. Rc1 a4 15.
Ne2 Qb6 16. Ng3 g6 17. Rc2 Rac8 18. Rfc1 c5 19. dxc5 Rxc5 20. Nd4 b4 21. b3 Ra8
22. h3 axb3 23. axb3 Rxc2 24. Qxc2 Bc5 25. Nge2 Ra5 26. Qd3 Qa6 27. Qxa6 Rxa6
28. f3 Kf8 29. Kf2 Ke8 30. g4 Ra2 31. Rc2 Rxc2 32. Nxc2 Ng8 33. Nc1 Ne7 34. Nd3
Nc6 35. Ke2 Be7 36. Bc7 Nc5 37. Ndxb4 Nxb4 38. Nxb4 d4 39. exd4 Nxb3 40. Nc2 Kd7
41. Bg3 Ke6 42. Kd3 Na5 43. Ke4 f5+ 44. gxf5+ gxf5+ 45. Kd3 Nc6 46. Ne3 Nd8 47.
d5+ Kf7 48. Nxf5 Bf6 49. Nd6+ Kg6 50. Ne4 Bg7 51. Nc5 Kf5 52. Bc7 Nf7 53. Ne4 h5
54. Ng3+ Kg6 55. f4 h4 56. Ne2 Bf8 57. Ke4 Bc5 58. Nd4 Kf6 59. Nf3 Bd6 60. Bb6
Bb8 61. Bd4+ Ke7 62. Be5 Ba7 63. Nxh4 Kd7 64. Nf5 Bc5 65. h4 Bf8 66. h5 Ke8 67.
Bg7 Bxg7 68. Nxg7+ Ke7 69. Nf5+ Kf6 70. h6 Kg6 71. d6 Kf6 72. h7 Kg6 73. h8=Q
Nxh8 74. Ke5 Nf7+ 75. Ke6 Nd8+ 76. Kd7 Nb7 77. Kc7 Nc5 78. Nd4 Kf6 79. d7 1-0

[Event "FIDE World Bl Team Pool A"]
[Site "London ENG"]
[Date "2025.06.14"]
[Round "1.3"]
[White "Bologan, Victor"]
[Black "Itgelt, Khuyagtsogt"]
[Result "0-1"]
[WhiteTitle "GM"]
[BlackTitle "IM"]
[WhiteElo "2601"]
[BlackElo "2425"]
[WhiteTeam "FIDE MB Team"]
[BlackTeam "The MongolZ"]
[WhiteFideId "13900048"]
[BlackFideId "4902912"]
[EventDate "2025.06.14"]
[EventType "team"]

1. e4 e5 2. Nf3 Nc6 3. Bc4 Bc5 4. c3 Nf6 5. d3 d6 6. Nbd2 a5 7. h3 h6 8. Nf1 O-O
9. Ng3 Be6 10. Bb5 Ne7 11. O-O Ng6 12. d4 Bb6 13. Bd3 c6 14. Be3 Re8 15. Re1 Bc7
16. c4 Bd7 17. b3 a4 18. b4 d5 19. dxe5 Nxe5 20. exd5 cxd5 21. c5 Nc4 22. Bd4
Bxg3 23. fxg3 Ne4 24. g4 a3 25. Bxc4 dxc4 26. Ne5 Bc6 27. Rc1 Qd5 28. Nxc6 bxc6
29. Be3 Qe6 30. Qc2 c3 31. Bd4 Qd5 32. Bxc3 Ng3 33. Rxe8+ Rxe8 34. Re1 Rxe1+ 35.
Bxe1 Qd4+ 36. Bf2 Qa1+ 37. Kh2 Nf1+ 38. Kg1 Ne3+ 0-1

[Event "FIDE World Bl Team Pool A"]
[Site "London ENG"]
[Date "2025.06.14"]
[Round "1.4"]
[White "Nomin-Erdene, Davaademberel"]
[Black "Al-Mudahka, Mohd"]
[Result "0-1"]
[WhiteTitle "IM"]
[BlackTitle "GM"]
[WhiteElo "2293"]
[BlackElo "2542"]
[WhiteTeam "The MongolZ"]
[BlackTeam "FIDE MB Team"]
[WhiteFideId "4900782"]
[BlackFideId "12100030"]
[EventDate "2025.06.14"]
[EventType "team"]

1. e4 c5 2. Nf3 g6 3. d4 cxd4 4. Qxd4 Nf6 5. e5 Nc6 6. Qa4 Nd5 7. Qb3 Nc7 8. Bf4
Ne6 9. Bg3 Bg7 10. Nc3 Ncd4 11. Nxd4 Nxd4 12. Qa4 Nf5 13. Bf4 O-O 14. g4 Nh6 15.
Be2 f6 16. exf6 Rxf6 17. g5 Rxf4 18. Qxf4 Nf5 19. Qc4+ e6 20. h4 d5 21. Qd3 Qb6
22. O-O-O Bd7 23. Rd2 Rc8 24. Nd1 a6 25. c3 d4 26. c4 Qa5 27. Kb1 b5 28. cxb5
Bxb5 29. Rc2 Bxd3 30. Bxd3 Rxc2 31. Bxc2 Qd2 32. h5 gxh5 33. Bb3 Kf7 34. a3 d3
35. Ka2 Nd4 36. Bc4 Qc2 37. Ne3 Qe2 38. Rb1 Kg6 39. Rc1 Qxf2 40. Nd1 Qd2 41. Rb1
Ne2 42. Ka1 Kxg5 0-1

[Event "FIDE World Bl Team Pool A"]
[Site "London ENG"]
[Date "2025.06.14"]
[Round "1.5"]
[White "Zhu, Chen"]
[Black "Ulziikhishig Khishigbat"]
[Result "1/2-1/2"]
[WhiteTitle "GM"]
[BlackTitle "FM"]
[WhiteElo "2423"]
[BlackElo "2266"]
[WhiteTeam "FIDE MB Team"]
[BlackTeam "The MongolZ"]
[WhiteFideId "8600546"]
[BlackFideId "4908120"]
[EventDate "2025.06.14"]
[EventType "team"]

1. d4 Nf6 2. c4 e6 3. Nf3 d5 4. Nc3 c6 5. e3 Bd6 6. b3 O-O 7. Bb2 Nbd7 8. Be2
Ne4 9. Nxe4 dxe4 10. Nd2 f5 11. O-O Qh4 12. g3 Qh6 13. c5 Bc7 14. Nc4 Nf6 15.
Nd6 Rd8 16. Ba3 Nd5 17. Rc1 Rb8 18. Qd2 Bd7 19. f4 exf3 20. Rxf3 Be8 21. Nxe8
Rxe8 22. Bc4 g6 23. Re1 Nf6 24. Bc1 Ne4 25. Qg2 Rbd8 26. Bd3 Ng5 27. Rff1 Qh3
28. Qxh3 Nxh3+ 29. Kg2 Ng5 30. h4 Nf7 31. Bb2 e5 32. e4 exd4 33. exf5 Ne5 34.
Be4 Ng4 35. fxg6 hxg6 36. Kh3 Ne5 37. Rd1 Nc4 38. bxc4 Rxe4 39. Rf6 Kg7 40. Rf3
Be5 41. Rdf1 Rd7 42. Rd3 Bf6 43. g4 Re2 44. g5 Be5 45. Ba1 Rh2+ 46. Kg4 Rxa2 47.
Re1 Bc7 48. Rxd4 Rg2+ 49. Kf3 Rg3+ 50. Kf2 Rxd4 51. Bxd4+ Kf8 52. Rb1 Rg4 53.
Be3 Rxh4 54. Rxb7 Be5 55. Rxa7 Rxc4 56. Ra8+ Kf7 57. Ra6 Rc2+ 58. Kf3 Ke6 59.
Rxc6+ Kf5 60. Ra6 Rc3 61. Ke2 Ke4 62. Ra4+ Kd5 63. Ra6 Ke4 64. Ra4+ Kf5 65. Kd2
Rb3 66. c6 Ke6 67. Ra6 Bc7 68. Ra2 Rb4 69. Kd3 Rg4 70. Rc2 Kd5 71. Rc5+ Kd6 72.
Rc2 Ke6 73. Rc1 Rg3 74. Ke4 Rg4+ 75. Kf3 Ra4 76. Rc2 Ra3 77. Ke4 Ra4+ 78. Kd3
Ra5 79. Rc4 Ra3+ 80. Ke2 Kd5 81. Rc1 Ra4 82. Kf3 Ra3 83. Ke2 Ke4 84. Rc4+ Kd5
85. Rc2 Ra6 86. Kf3 Ke6 87. Rc1 Ra3 88. Rf1 Bb6 89. Re1 Kf5 90. Kf2 Bc7 91. Rd1
Ke4 92. Rd4+ Ke5 93. Rd7 Bd6 94. Rg7 Ra2+ 95. Kf3 Ra3 96. Ke2 Rc3 97. Rxg6 Rxc6
98. Rg8 Kf5 99. Kf3 Rc3 100. Ke2 Be5 101. Ra8 Rb3 102. Ra5 Rb4 103. Kf3 Rh4 104.
Ke2 Rb4 105. Rc5 Ke4 106. Rc2 Ra4 107. Bd2 Bd4 108. Rc8 Ra6 109. Re8+ Kf5 110.
Kd3 Be5 111. Rf8+ Kg6 112. Ke4 Bg7 113. Rd8 Re6+ 114. Kf3 Ra6 115. Bf4 Ra5 116.
Kg4 Ra4 117. Rd6+ Kf7 118. Rb6 Be5 119. Rb7+ Ke8 120. Kf5 Bxf4 121. g6 Bh6 122.
g7 Rf4+ 123. Kg6 Bxg7 124. Kxg7 Rf5 125. Kg6 1/2-1/2

[Event "FIDE World Bl Team Pool A"]
[Site "London ENG"]
[Date "2025.06.14"]
[Round "1.6"]
[White "Araya Fuentes, Cristian"]
[Black "Zaiarski, Stepan"]
[Result "0-1"]
[WhiteElo "1921"]
[BlackElo "1932"]
[WhiteTeam "The MongolZ"]
[BlackTeam "FIDE MB Team"]
[WhiteFideId "6502946"]
[BlackFideId "13907000"]
[EventDate "2025.06.14"]
[EventType "team"]

1. Nf3 Nf6 2. g3 b6 3. Bg2 Bb7 4. d3 d5 5. Nbd2 e6 6. O-O Be7 7. Re1 O-O 8. c4
dxc4 9. Nxc4 c5 10. b3 Nbd7 11. Bb2 Nd5 12. a3 Bf6 13. Qc2 Rc8 14. Rac1 Bxb2 15.
Qxb2 Qe7 16. Nfe5 Nxe5 17. Nxe5 Rfd8 18. Red1 Nf6 19. Bxb7 Qxb7 20. Nf3 h6 21.
d4 cxd4 22. Nxd4 Nd5 23. Rxc8 Qxc8 24. Rc1 Qd7 25. e3 e5 26. Nf3 f6 27. Qc2 Ne7
28. Qc7 Kf7 29. Kg2 Qxc7 30. Rxc7 a5 31. Rc3 Ke6 32. Ne1 Nd5 33. Rc6+ Rd6 34.
Rc8 Ne7 35. Rc3 f5 36. Nc2 g5 37. b4 axb4 38. Nxb4 e4 39. Rc7 h5 40. Rc4 g4 41.
Rc7 Rd7 42. Rc4 Ra7 43. Nc2 Nd5 44. Rc6+ Kd7 45. Rh6 Rc7 46. Nd4 Rc3 47. a4 Rd3
48. Rxh5 Rd2 49. Nxf5 Ra2 50. h3 gxh3+ 51. Rxh3 Rxa4 52. Nd4 Ra2 53. Nf5 b5 54.
g4 b4 55. Rh7+ Kc6 56. Nd4+ Kc5 57. Rb7 Nxe3+ 58. Kg3 Kxd4 59. fxe3+ Kxe3 60.
Rxb4 Ra3 61. Kg2 Kf4 62. g5 Rg3+ 63. Kf2 Rxg5 64. Rb8 e3+ 65. Ke1 Rf5 66. Rb4+
Kf3 67. Rb3 Rh5 68. Kd1 Rh1+ 69. Kc2 Rh2+ 70. Kd1 Rh1+ 71. Kc2 Kf2 72. Kd3 e2
73. Rb2 Rd1+ 74. Ke4 Kf1 0-1

[Event "FIDE World Bl Team Pool A"]
[Site "London ENG"]
[Date "2025.06.14"]
[Round "1.1"]
[White "Moussard, Jules"]
[Black "Oro, Faustino"]
[Result "1/2-1/2"]
[WhiteTitle "GM"]
[BlackTitle "IM"]
[WhiteElo "2597"]
[BlackElo "2465"]
[WhiteTeam "Knight Dance"]
[BlackTeam "Turkish Airlines Sports Club"]
[WhiteFideId "642908"]
[BlackFideId "20000197"]
[EventDate "2025.06.14"]
[EventType "team"]

1. Nf3 Nf6 2. e3 b6 3. d4 Bb7 4. c4 e6 5. Nc3 Bb4 6. Bd2 O-O 7. Bd3 c5 8. O-O
cxd4 9. exd4 d5 10. cxd5 Nxd5 11. Re1 h6 12. a3 Be7 13. Ne5 Nd7 14. Qe2 N7f6 15.
Rad1 Rc8 16. Ne4 Ba8 17. Bb1 Nxe4 18. Qxe4 Nf6 19. Qd3 Qd5 20. Qg3 Nh5 21. Qh3
Nf6 22. Qg3 Nh5 23. Qh3 Nf6 24. Qg3 Nh5 1/2-1/2

[Event "FIDE World Bl Team Pool A"]
[Site "London ENG"]
[Date "2025.06.14"]
[Round "1.2"]
[White "Ahmad, Khagan"]
[Black "Van Foreest, Jorden"]
[Result "0-1"]
[WhiteTitle "IM"]
[BlackTitle "GM"]
[WhiteElo "2394"]
[BlackElo "2687"]
[WhiteTeam "Turkish Airlines Sports Club"]
[BlackTeam "Knight Dance"]
[WhiteFideId "13431552"]
[BlackFideId "1039784"]
[EventDate "2025.06.14"]
[EventType "team"]

1. e4 c6 2. d4 d5 3. Nc3 dxe4 4. Nxe4 Nf6 5. Nxf6+ exf6 6. Be3 Bd6 7. Bd3 Nd7 8.
Ne2 f5 9. O-O Nf6 10. Bf4 O-O 11. c3 Re8 12. Qd2 Ne4 13. Bxe4 Rxe4 14. Bxd6 Qxd6
15. Rfe1 Be6 16. Ng3 Rxe1+ 17. Rxe1 Rd8 18. Qg5 h6 19. Qh5 Qf4 20. a3 c5 21.
dxc5 Rd2 22. Qf3 Qxf3 23. gxf3 Rxb2 24. Ne2 Rc2 25. Nd4 Rxc3 26. Nxe6 fxe6 27.
Rxe6 Rxc5 28. Re7 Rb5 29. Kg2 a5 30. h4 f4 31. a4 Rb4 32. Kh3 h5 33. Kg2 b6 34.
Rb7 Kh7 35. Rb8 Kg6 36. Rb7 Kf6 37. Rb8 g6 38. Rb7 Ke5 39. Rb8 Kd5 40. Rb7 Kc5
41. Rc7+ Kd4 42. Rc6 b5 43. axb5 Rxb5 44. Rxg6 Kc3 45. Rg5 Kb4 46. Rg7 a4 47.
Rf7 a3 48. Rxf4+ Kb3 49. Re4 a2 50. Re1 Rb4 51. Kg3 Kb2 52. f4 a1=Q 53. Rxa1
Kxa1 54. f5 Kb2 55. f6 Kc3 56. f7 Rb8 57. Kf4 Rf8 58. Kg5 Rxf7 59. Kxh5 Rg7 60.
Kh6 Rg1 61. h5 Kd4 62. Kh7 Ke5 63. h6 Kf6 0-1

[Event "FIDE World Bl Team Pool A"]
[Site "London ENG"]
[Date "2025.06.14"]
[Round "1.3"]
[White "Dardha, Daniel"]
[Black "Southcott-Moyers, Indy"]
[Result "1-0"]
[WhiteTitle "GM"]
[BlackTitle "FM"]
[WhiteElo "2646"]
[BlackElo "2289"]
[WhiteTeam "Knight Dance"]
[BlackTeam "Turkish Airlines Sports Club"]
[WhiteFideId "240990"]
[BlackFideId "488542"]
[EventDate "2025.06.14"]
[EventType "team"]

1. d4 d5 2. c4 e6 3. Nc3 Nf6 4. cxd5 exd5 5. Bg5 c6 6. e3 h6 7. Bf4 Bd6 8. Bxd6
Qxd6 9. Be2 O-O 10. Nf3 Bg4 11. h3 Bxf3 12. Bxf3 Nbd7 13. Qc2 a5 14. O-O Rfe8
15. Rab1 Nf8 16. a3 Ne6 17. b4 axb4 18. axb4 Ng5 19. Be2 Nge4 20. Nxe4 Nxe4 21.
b5 Rac8 22. Bg4 Rc7 23. Qb2 c5 24. dxc5 Rxc5 25. Rbc1 b6 26. Rfd1 Rxc1 27. Rxc1
Nc5 28. Rd1 Rd8 29. Bf3 Qe6 30. Qd4 Qe7 31. Bxd5 Kh8 32. Qc4 f6 33. h4 Qe5 34.
Bf3 Rxd1+ 35. Bxd1 Qd6 36. Bc2 Qe6 37. Qd4 Qe7 38. Bg6 Kg8 39. Qd5+ 1-0

[Event "FIDE World Bl Team Pool A"]
[Site "London ENG"]
[Date "2025.06.14"]
[Round "1.4"]
[White "Lohia, Sohum"]
[Black "Maurizzi, Marc'Andria"]
[Result "0-1"]
[WhiteTitle "FM"]
[BlackTitle "GM"]
[WhiteElo "2364"]
[BlackElo "2607"]
[WhiteTeam "Turkish Airlines Sports Club"]
[BlackTeam "Knight Dance"]
[WhiteFideId "5819369"]
[BlackFideId "36083534"]
[EventDate "2025.06.14"]
[EventType "team"]

1. e4 c5 2. Nf3 Nc6 3. Bb5 e6 4. O-O Nge7 5. Re1 Nd4 6. Nxd4 cxd4 7. c3 a6 8.
Bf1 Nc6 9. b4 Bd6 10. a4 O-O 11. Bb2 Qc7 12. g3 dxc3 13. dxc3 b6 14. Nd2 Bb7 15.
Nc4 Be7 16. a5 b5 17. Nb6 Rad8 18. Rc1 f5 19. exf5 Ne5 20. Bg2 Bxg2 21. Kxg2
Qc6+ 22. f3 Rxf5 23. Rxe5 Rxe5 24. c4 Rf5 25. cxb5 Qxb5 26. Rc7 Bxb4 27. Nxd7
Rd5 28. Nc5 Bxc5 29. Rxg7+ Kf8 30. Qb1 Qxb2+ 0-1

[Event "FIDE World Bl Team Pool A"]
[Site "London ENG"]
[Date "2025.06.14"]
[Round "1.5"]
[White "Roebers, Eline"]
[Black "Lu, Miaoyi"]
[Result "0-1"]
[WhiteTitle "IM"]
[BlackTitle "IM"]
[WhiteElo "2356"]
[BlackElo "2452"]
[WhiteTeam "Knight Dance"]
[BlackTeam "Turkish Airlines Sports Club"]
[WhiteFideId "1058401"]
[BlackFideId "8618020"]
[EventDate "2025.06.14"]
[EventType "team"]

1. e4 e5 2. Nf3 Nc6 3. Bb5 Nf6 4. d3 Bc5 5. O-O Nd4 6. Nxd4 Bxd4 7. Ba4 c6 8. c3
Bb6 9. Bg5 h6 10. Bh4 d6 11. Nd2 g5 12. Bg3 Bg4 13. Qe1 h5 14. h3 h4 15. Bh2 Bh5
16. d4 Bc7 17. f3 Qe7 18. d5 b5 19. Bb3 cxd5 20. exd5 Bg6 21. Qe2 a6 22. Rfe1
Nh5 23. a4 Rb8 24. axb5 axb5 25. Nf1 O-O 26. Bc2 Qf6 27. Be4 Rfc8 28. Kh1 Bb6
29. Ne3 Nf4 30. Qf1 Bxe4 31. fxe4 Bxe3 32. Rxe3 Qg6 33. Ra5 Rc4 34. Qe1 b4 35.
Ra6 bxc3 36. bxc3 Rb2 37. Bxf4 gxf4 38. Re2 Rxe2 39. Qxe2 Rxe4 40. Qf2 Qg3 41.
Qxg3+ fxg3 42. Ra1 Re3 43. Rc1 f5 44. c4 f4 45. Kg1 e4 46. Kf1 f3 47. gxf3 exf3
48. c5 dxc5 49. Rxc5 Rd3 50. Rc4 Rd1# 0-1

[Event "FIDE World Bl Team Pool A"]
[Site "London ENG"]
[Date "2025.06.14"]
[Round "1.6"]
[White "Yildiz, Ali Aras"]
[Black "Phulpin, Theo"]
[Result "1-0"]
[WhiteElo "2089"]
[BlackElo "1773"]
[WhiteTeam "Turkish Airlines Sports Club"]
[BlackTeam "Knight Dance"]
[WhiteFideId "51619822"]
[BlackFideId "36001600"]
[EventDate "2025.06.14"]
[EventType "team"]

1. e4 c5 2. Nf3 d6 3. c3 Nf6 4. h3 Bd7 5. Bd3 Qc7 6. Bc2 Bc6 7. Qe2 Nbd7 8. O-O
g6 9. d4 cxd4 10. cxd4 a6 11. Nc3 b5 12. a3 Bg7 13. Bf4 O-O 14. Bh2 Rac8 15.
Rac1 Ba8 16. Rfe1 Nb6 17. e5 dxe5 18. dxe5 Nfd5 19. Nxd5 Bxd5 20. e6 Qb7 21.
exf7+ Rxf7 22. Ng5 Rf5 23. Bxf5 Rxc1 24. Be6+ Bxe6 25. Qxe6+ Kh8 26. Nf7+ Kg8
27. Nh6+ Kh8 28. Qg8# 1-0

[Event "FIDE World Bl Team Pool A"]
[Site "London ENG"]
[Date "2025.06.14"]
[Round "2.1"]
[White "Nepomniachtchi, Ian"]
[Black "Nihal, Sarin"]
[Result "1-0"]
[WhiteTitle "GM"]
[BlackTitle "GM"]
[WhiteElo "2757"]
[BlackElo "2696"]
[WhiteTeam "WR Chess Team"]
[BlackTeam "Ashdod Elit Chess Club"]
[WhiteFideId "4168119"]
[BlackFideId "25092340"]
[EventDate "2025.06.14"]
[EventType "team"]

1. e4 c5 2. Nf3 e6 3. d4 cxd4 4. Nxd4 a6 5. c4 Qc7 6. Nc3 b6 7. Be2 Bb7 8. O-O
Nf6 9. Qd3 Nc6 10. Bg5 Nxd4 11. Qxd4 Bc5 12. Qd3 Qe5 13. Bxf6 gxf6 14. Rad1 Bc6
15. a3 a5 16. Kh1 Rg8 17. f4 Qc7 18. Bh5 a4 19. Rde1 O-O-O 20. Nb5 Qb8 21. Qc2
f5 22. Bf3 Qxf4 23. Na7+ Kb8 24. Nxc6+ dxc6 25. Qxa4 Rd2 26. Qxc6 Rc8 27. Qa4
Rxb2 28. e5 Qd4 29. Qa8+ Kc7 30. Qb7+ Kd8 31. Qxf7 Rc7 32. Qxe6 Re7 33. Qxf5 Kc7
34. Qf6 Rd2 35. Qc6+ Kd8 36. Qa8+ Kc7 37. Qb7+ Kd8 38. Qb8+ Kd7 39. e6+ Rxe6 40.
Qb7+ 1-0

[Event "FIDE World Bl Team Pool A"]
[Site "London ENG"]
[Date "2025.06.14"]
[Round "2.3"]
[White "So, Wesley"]
[Black "Gledura, Benjamin"]
[Result "1-0"]
[WhiteTitle "GM"]
[BlackTitle "GM"]
[WhiteElo "2745"]
[BlackElo "2668"]
[WhiteTeam "WR Chess Team"]
[BlackTeam "Ashdod Elit Chess Club"]
[WhiteFideId "5202213"]
[BlackFideId "712779"]
[EventDate "2025.06.14"]
[EventType "team"]

1. e4 e5 2. Nf3 Nc6 3. Bc4 Nf6 4. d3 Be7 5. O-O O-O 6. Re1 d6 7. a4 a5 8. Nbd2
Be6 9. Bxe6 fxe6 10. c3 Kh8 11. Nc4 b6 12. Bd2 Nd7 13. b4 Qe8 14. b5 Nd8 15. d4
exd4 16. cxd4 Qg6 17. Ra3 Nf7 18. Rc3 Rae8 19. h3 Bd8 20. Qc2 Qh5 21. Bf4 Nf6
22. Ne3 Qg6 23. e5 Qxc2 24. Rxc2 Ne4 25. Nf1 d5 26. h4 h6 27. h5 Kh7 28. N1h2 g6
29. hxg6+ Kxg6 30. g3 Nfg5 31. Kg2 Rf7 32. Nh4+ Kg7 33. f3 Ref8 34. fxe4 Nxe4
35. N4f3 h5 36. Rc6 h4 37. Rxe6 Kh7 38. Ng4 hxg3 39. Rh1+ 1-0

[Event "FIDE World Bl Team Pool A"]
[Site "London ENG"]
[Date "2025.06.14"]
[Round "2.4"]
[White "Volokitin, Andrei"]
[Black "Duda, Jan-Krzysztof"]
[Result "1/2-1/2"]
[WhiteTitle "GM"]
[BlackTitle "GM"]
[WhiteElo "2626"]
[BlackElo "2725"]
[WhiteTeam "Ashdod Elit Chess Club"]
[BlackTeam "WR Chess Team"]
[WhiteFideId "14107090"]
[BlackFideId "1170546"]
[EventDate "2025.06.14"]
[EventType "team"]

1. e4 e5 2. Nf3 Nc6 3. Bc4 Nf6 4. d3 Bc5 5. c3 d6 6. O-O a5 7. Re1 Ba7 8. Na3
O-O 9. h3 h6 10. Nb5 Bb6 11. Be3 Bxe3 12. Rxe3 Na7 13. a4 Nxb5 14. axb5 Bd7 15.
d4 Qe7 16. Qb3 b6 17. Nh4 Kh7 18. Rae1 g6 19. Nf3 Kg7 20. Bd5 Nxd5 21. exd5 f6
22. Qc4 Rac8 23. dxe5 fxe5 24. Nd4 Rf7 25. Nc6 Qg5 26. Rg3 Qf4 27. Qxf4 Rxf4 28.
Ne7 g5 29. Nxc8 Bxc8 30. b3 Bd7 31. c4 Rd4 32. Rge3 h5 33. R3e2 Rd3 34. Re3 Rd2
35. R1e2 Rd1+ 36. Re1 Rd2 37. Ra1 Rb2 38. f3 Bf5 39. Rae1 Kf6 40. R1e2 Rb1+ 41.
Re1 Rb2 42. R1e2 Bc2 43. Kf2 Ra2 44. Rc3 Bb1 45. Rxa2 Bxa2 46. Ke1 Bb1 47. b4
axb4 48. Rb3 Bc2 49. Rxb4 g4 50. hxg4 hxg4 51. Kd2 Bf5 52. Ra4 gxf3 53. gxf3 Ke7
54. Ke3 Kd7 55. f4 exf4+ 56. Kxf4 Bc2 57. Rb4 Kc8 58. Ke3 Kd7 59. Rb2 Bf5 60.
Rf2 Bg6 61. Rg2 Bf5 62. Rg7+ Kc8 63. Kd4 Bc2 64. Kc3 Be4 65. Re7 Bf5 66. Rg7 Be4
67. Kd4 Bc2 68. Kc3 Bf5 69. Rg8+ Kd7 70. Rh8 Be4 71. Kd4 Bc2 72. Rg8 Bf5 73.
Rg7+ Kd8 74. Kc3 Be4 75. Kd4 Bc2 76. Rg2 Bf5 77. Rf2 Bg6 78. Rg2 Bf5 79. Rf2 1/2-1/2

[Event "FIDE World Bl Team Pool A"]
[Site "London ENG"]
[Date "2025.06.14"]
[Round "2.5"]
[White "Hou, Yifan"]
[Black "Osmak, Yuliia"]
[Result "1-0"]
[WhiteTitle "GM"]
[BlackTitle "IM"]
[WhiteElo "2633"]
[BlackElo "2468"]
[WhiteTeam "WR Chess Team"]
[BlackTeam "Ashdod Elit Chess Club"]
[WhiteFideId "8602980"]
[BlackFideId "14101602"]
[EventDate "2025.06.14"]
[EventType "team"]

1. d4 d5 2. Nc3 Nf6 3. Bf4 Bf5 4. e3 e6 5. Bd3 Bxd3 6. cxd3 c6 7. Nf3 Bd6 8. Qb3
Bxf4 9. exf4 Qb6 10. Qa3 Qc7 11. Ne5 Qe7 12. Qb3 O-O 13. O-O Qc7 14. Na4 Nbd7
15. Rac1 Rab8 16. h3 h6 17. Rfe1 Rfd8 18. Nc5 Nxe5 19. dxe5 Nd7 20. d4 Nxc5 21.
Rxc5 Qb6 22. Qc3 a6 23. a3 Rf8 24. Qc2 f5 25. Re3 Qd8 26. Rb3 Qd7 27. g3 Kh8 28.
Kg2 Rg8 29. h4 Qf7 30. Qe2 g6 31. a4 Rbd8 32. Rbc3 Rd7 33. b4 Ra8 34. b5 axb5
35. axb5 cxb5 36. Qxb5 Re7 37. Qb6 Rg8 38. Rc7 Rge8 39. Qxb7 Kg7 40. Qb6 Kg8 41.
Qd6 Kg7 42. Rxe7 Rxe7 43. Rc8 Rd7 44. Qb8 g5 45. hxg5 hxg5 46. fxg5 Rb7 47. Rf8
Qg8 1-0

[Event "FIDE World Bl Team Pool A"]
[Site "London ENG"]
[Date "2025.06.14"]
[Round "2.1"]
[White "Chinguun, Sumiya"]
[Black "Moussard, Jules"]
[Result "1-0"]
[WhiteTitle "FM"]
[BlackTitle "GM"]
[WhiteElo "2415"]
[BlackElo "2597"]
[WhiteTeam "The MongolZ"]
[BlackTeam "Knight Dance"]
[WhiteFideId "4902572"]
[BlackFideId "642908"]
[EventDate "2025.06.14"]
[EventType "team"]

1. e4 e6 2. d4 d5 3. Nc3 Nf6 4. e5 Nfd7 5. f4 c5 6. Nf3 Nc6 7. Be3 a6 8. Qd2 b5
9. Ne2 Be7 10. g3 O-O 11. Bg2 b4 12. O-O a5 13. Kh1 Ba6 14. Rf2 Qc7 15. g4 cxd4
16. Nexd4 Nc5 17. Nxc6 Qxc6 18. Nd4 Qc7 19. f5 Bh4 20. Rf4 Qxe5 21. Nf3 Qxb2 22.
Bd4 Qa3 23. Nxh4 Ne4 24. Bxe4 dxe4 25. Qe3 Qxe3 26. Bxe3 e5 27. Rf2 Rac8 28. f6
g6 29. Ng2 Rc3 30. Rd2 Bc8 31. Bh6 Re8 32. Rad1 Bxg4 33. Rd8 Rc8 34. Rxe8+ Rxe8
35. Rd5 e3 36. Nxe3 Be6 37. Rxe5 a4 38. Nd5 Bxd5+ 39. Rxd5 Rb8 40. Ra5 b3 41.
cxb3 axb3 42. axb3 g5 43. Rxg5+ Kh8 44. Ra5 Rd8 45. b4 Re8 46. b5 Re1+ 1-0